| 000 | 00632cab a2200229 4500 | ||
|---|---|---|---|
| 001 | WB2738-59 | ||
| 008 | 090401t1991 xxu||||| |||| 00| 0 eng d | ||
| 035 | _a(Sirsi) u1911 | ||
| 041 | _aeng | ||
| 245 | _aCouncil tax response disappointing | ||
| 260 | _c1991 | ||
| 350 | _a0 | ||
| 490 |
_aChartered Surveyor Weekly _v37(1) 3 October 1991, 7(1) |
||
| 520 | _aFewer firms than expected have asked to be considered for council tax valuation work. | ||
| 650 | _aBANDING | ||
| 650 | _aCOUNCIL TAX | ||
| 650 | _aSURVEYORS | ||
| 650 |
_aValuation _96273 |
||
| 690 | _aRATING AND VALUATION | ||
| 942 | _n0 | ||
| 948 | _c04/03/1997 | ||
| 999 |
_c1119 _d1119 |
||